[Event "Svetla nad Sazavou Mares Memorial"]
[Site "Svetla nad Sazavou"]
[Date "2023.12.29"]
[Round "6"]
[White "Kulovana, Eva"]
[Black "Vranova, Zdenka"]
[Result "1/2-1/2"]
[WhiteElo "2093"]
[BlackElo "1861"]
[PlyCount "49"]
[EventDate "2023.12.29"]
[EventType "swiss"]
[EventRounds "9"]
[EventCountry "CZE"]
[SourceTitle "CB02_2024"]
[SourceDate "2024.01.10"]
[SourceVersion "1"]
[SourceVersionDate "2024.01.10"]
[SourceQuality "1"]

1. e4 e5 2. Nf3 Nf6 3. Nxe5 d6 4. Nf3 Nxe4 5. Nc3 Nf6 6. d4 d5 7. Bd3 Be7 8. Bg5 0-0 9. 0-0 Bg4 10. Be2 Nbd7 11. Re1 c6 12. Ne5 Bxe2 13. Rxe2 Re8 14. Qe1 Nf8 15. Bh4 Ng6 16. Bg3 Nh5 17. Nxg6 hxg6 18. Nd1 Nf6 19. f3 Bf8 20. Rxe8 Nxe8 21. b3 Qb6 22. Bf2 Nf6 23. Nb2 Re8 24. Qd2 Bd6 25. Re1 1/2-1/2

[Event "Svetla nad Sazavou Mares Memorial"]
[Site "Svetla nad Sazavou"]
[Date "2023.12.29"]
[Round "1"]
[White "Marek, Ales"]
[Black "Kulovana, Eva"]
[Result "0-1"]
[WhiteElo "1513"]
[BlackElo "2093"]
[PlyCount "44"]
[EventDate "2023.12.29"]
[EventType "swiss"]
[EventRounds "9"]
[EventCountry "CZE"]
[SourceTitle "CB02_2024"]
[SourceDate "2024.01.10"]
[SourceVersion "1"]
[SourceVersionDate "2024.01.10"]
[SourceQuality "1"]

1. e4 c6 2. Nf3 d5 3. e5 Bg4 4. d4 e6 5. Nbd2 c5 6. c3 Nc6 7. Bb5 cxd4 8. Bxc6+ bxc6 9. cxd4 Ne7 10. 0-0 Nf5 11. Qa4 Qd7 12. b4 Be7 13. a3 0-0 14. Qc2 a5 15. Rb1 Ra6 16. Qd3 Rfa8 17. b5 cxb5 18. Rxb5 a4 19. Nb1 Bxf3 20. gxf3 Nxd4 21. Bb2 Nxb5 22. Bc1 Nd4 0-1

[Event "BL 2223 (Women)"]
[Site "Germany"]
[Date "2022.10.16"]
[Round "2.1"]
[White "Kulovana, Eva"]
[Black "Batsiashvili, Nino"]
[Result "0-1"]
[WhiteElo "2193"]
[BlackElo "2462"]
[PlyCount "50"]
[EventDate "2022.10.15"]
[EventType "team-tourn"]
[EventRounds "11"]
[EventCountry "GER"]
[SourceTitle "EXT 2024"]
[Source "ChessBase"]
[SourceDate "2023.10.10"]
[SourceVersion "1"]
[SourceVersionDate "2023.10.10"]
[SourceQuality "1"]
[WhiteTeam "Hemer (W)"]
[BlackTeam "Schwaebisch Hall (W)"]
[WhiteTeamCountry "GER"]
[BlackTeamCountry "GER"]

1. e4 e5 2. Nf3 Nc6 3. Bb5 a6 4. Ba4 Nf6 5. 0-0 b5 6. Bb3 Bc5 7. a4 Rb8 8. axb5 axb5 9. Nxe5 Nxe5 10. d4 Bxd4 11. Qxd4 Nc6 12. Qc3 0-0 13. e5 b4 14. Qc5 Ng4 15. f4 d6 16. Qc4 dxe5 17. h3 Nd4 18. hxg4 Bxg4 19. Nd2 Ne2+ 20. Kf2 Qh4+ 21. Ke3 exf4+ 22. Rxf4 Nxf4 23. Qxf4 Qe1+ 24. Kd4 Rfd8+ 25. Kc5 Qe7+ 0-1

[Event "BL 2223 (Women)"]
[Site "Germany"]
[Date "2022.10.15"]
[Round "1.2"]
[White "Kulovana, Eva"]
[Black "Exler, Veronika"]
[Result "1/2-1/2"]
[WhiteElo "2193"]
[BlackElo "2137"]
[PlyCount "117"]
[EventDate "2022.10.15"]
[EventType "team-tourn"]
[EventRounds "11"]
[EventCountry "GER"]
[SourceTitle "EXT 2024"]
[Source "ChessBase"]
[SourceDate "2023.10.10"]
[SourceVersion "1"]
[SourceVersionDate "2023.10.10"]
[SourceQuality "1"]
[WhiteTeam "Hemer (W)"]
[BlackTeam "Bayern Muenchen (W)"]
[WhiteTeamCountry "GER"]
[BlackTeamCountry "GER"]

1. e4 c6 2. d4 d5 3. exd5 cxd5 4. Bd3 Nc6 5. c3 Qc7 6. h3 g6 7. Ne2 Bf5 8. Bxf5 gxf5 9. Bf4 Qd7 10. Nd2 Nf6 11. Nf3 Nh5 12. 0-0 Rg8 13. Kh1 e6 14. Be5 Bh6 15. b4 f6 16. Bh2 Ne7 17. Ne1 f4 18. Ng1 Ng7 19. Nd3 Ng6 20. Nc5 Qe7 21. Re1 b6 22. Nd3 Rc8 23. Ne2 f3 24. gxf3 Nh5 25. f4 f5 26. Ng3 Nxg3+ 27. fxg3 Rxc3 28. Rc1 Rxc1 29. Qxc1 Kf7 30. Re2 Rd8 31. Rc2 Bg7 32. Bg1 Rd7 33. Rc8 Rd8 34. Rxd8 Qxd8 35. Qc6 Bf8 36. h4 Qe8 37. Qc7+ Qe7 38. Qb8 Bg7 39. a3 Bf6 40. h5 Nf8 41. Kg2 Kg7 42. Be3 Qf7 43. Ne5 Bxe5 44. fxe5 Qxh5 45. Qxa7+ Kg8 46. Qxb6 Qe2+ 47. Bf2 f4 48. gxf4 Qg4+ 49. Kf1 Qd1+ 50. Kg2 Qg4+ 51. Bg3 Qe2+ 52. Kg1 Qf3 53. Be1 Qe2 54. Bf2 Qg4+ 55. Kh2 Qf3 56. Bg3 Qh5+ 57. Kg1 Qf3 58. Bf2 Qg4+ 59. Kf1 1/2-1/2

[Event "Prague Menchik Memorial Rapid"]
[Site "Prague"]
[Date "2022.06.05"]
[Round "6"]
[White "Kulovana, Eva"]
[Black "Vranova, Zdenka"]
[Result "1-0"]
[WhiteElo "2173"]
[BlackElo "1971"]
[PlyCount "93"]
[EventDate "2022.06.05"]
[EventType "swiss (rapid)"]
[EventRounds "7"]
[EventCountry "CZE"]
[SourceTitle "CBM 208 Extra"]
[Source "ChessBase"]
[SourceDate "2022.07.31"]
[SourceVersion "1"]
[SourceVersionDate "2022.07.31"]
[SourceQuality "1"]

1. e4 e5 2. Nf3 Nf6 3. Nxe5 d6 4. Nf3 Nxe4 5. Nc3 Nf6 6. d4 d5 7. Bd3 Be7 8. 0-0 0-0 9. h3 Nbd7 10. Bf4 c6 11. Ne2 Re8 12. b3 Nf8 13. c4 Be6 14. Qc2 Qc8 15. Rac1 h6 16. Bg3 Qd8 17. Nf4 g5 18. Nxe6 Nxe6 19. Rfd1 Nh5 20. Qb2 Nef4 21. Bb1 Bf6 22. Re1 Nxg3 23. fxg3 Nh5 24. Qc2 Bg7 25. Qf2 Qd6 26. Kh2 a5 27. Rf1 Re7 28. Rce1 Rae8 29. Ne5 Bxe5 30. dxe5 Qd7 31. Qc2 f5 32. Rxf5 dxc4 33. bxc4 Rd8 34. Rf2 Qd4 35. Qg6+ Rg7 36. Qe6+ Kh8 37. Qxh6+ Kg8 38. Rf3 Nxg3 39. Rxg3 Qf4 40. Ree3 Re8 41. Qf6 Rf8 42. Qe6+ Qf7 43. Qxf7+ Rfxf7 44. Bc2 Re7 45. Bb3 c5 46. Ba4 b6 47. Bc6 1-0

[Event "CZE-ch Rapid (Women)"]
[Site "Ceska Trebova"]
[Date "2022.05.14"]
[Round "6"]
[White "Mareckova, Martina"]
[Black "Kulovana, Eva"]
[Result "1/2-1/2"]
[WhiteElo "2121"]
[BlackElo "2173"]
[PlyCount "27"]
[EventDate "2022.05.14"]
[EventType "swiss (rapid)"]
[EventRounds "9"]
[EventCountry "CZE"]
[SourceTitle "CBM 208 Extra"]
[Source "ChessBase"]
[SourceDate "2022.07.31"]
[SourceVersion "1"]
[SourceVersionDate "2022.07.31"]
[SourceQuality "1"]

1. e4 c6 2. d3 d5 3. Nf3 dxe4 4. dxe4 Qxd1+ 5. Kxd1 Bg4 6. Bc4 e6 7. Be3 Nd7 8. h3 Bxf3+ 9. gxf3 Bc5 10. Ke2 Bxe3 11. fxe3 g6 12. Nd2 Ne7 13. Rad1 0-0-0 14. a3 1/2-1/2

[Event "CZE-chT2E 2122"]
[Site "Czech Republic"]
[Date "2022.04.03"]
[Round "11.1"]
[White "Kulovana, Eva"]
[Black "Gajdos, Daniel"]
[Result "1-0"]
[WhiteElo "2148"]
[BlackElo "2057"]
[PlyCount "101"]
[EventDate "2021.10.17"]
[EventType "team-tourn"]
[EventRounds "11"]
[EventCountry "CZE"]
[SourceTitle "EXT 2024"]
[Source "ChessBase"]
[SourceDate "2023.10.10"]
[SourceVersion "1"]
[SourceVersionDate "2023.10.10"]
[SourceQuality "1"]
[WhiteTeam "Brno Lokomotiva"]
[BlackTeam "Brno VSK Univ"]
[WhiteTeamCountry "CZE"]
[BlackTeamCountry "CZE"]

1. e4 e5 2. Nf3 Nc6 3. Bb5 a6 4. Ba4 Nf6 5. 0-0 b5 6. Bb3 Bb7 7. d3 Be7 8. a4 0-0 9. Nc3 Na5 10. Ba2 b4 11. Ne2 d5 12. exd5 Bxd5 13. Bxd5 Qxd5 14. Ng3 Rfe8 15. b3 c5 16. Bb2 Nc6 17. Nf5 Bf8 18. Ne3 Qe6 19. Ng5 Qd7 20. Ne4 Nd5 21. Nxd5 Qxd5 22. Qg4 Re6 23. f4 Rg6 24. Qf3 Rd8 25. fxe5 Rd7 26. Qf5 Nd4 27. Bxd4 Qxd4+ 28. Kh1 Rh6 29. Rae1 Re7 30. Ng5 g6 31. Qe4 Rh5 32. Qxd4 cxd4 33. Nf3 Bg7 34. g4 Rh6 35. Re4 g5 36. Nxg5 Bxe5 37. Rxe5 Rxe5 38. Nxf7 Rhe6 39. Nxe5 Rxe5 40. Kg2 Rc5 41. Rf2 h5 42. h3 hxg4 43. hxg4 Re5 44. Kf3 Re3+ 45. Kf4 Kg7 46. Rh2 Re1 47. Rh5 Re2 48. Rc5 a5 49. Rxa5 Rxc2 50. Rb5 Rc3 51. Rxb4 1-0

[Event "CZE-chT1E 2122"]
[Site "Czech Republic"]
[Date "2022.02.20"]
[Round "9.7"]
[White "Kulovana, Eva"]
[Black "Fuksik, Jakub"]
[Result "1-0"]
[WhiteElo "2154"]
[BlackElo "2126"]
[PlyCount "109"]
[EventDate "2021.10.09"]
[EventType "team-tourn"]
[EventRounds "11"]
[EventCountry "CZE"]
[SourceTitle "EXT 2023"]
[Source "ChessBase"]
[SourceDate "2022.10.05"]
[SourceVersion "1"]
[SourceVersionDate "2022.10.05"]
[SourceQuality "1"]
[WhiteTeam "Gordic"]
[BlackTeam "Grygov Proclient"]
[WhiteTeamCountry "CZE"]
[BlackTeamCountry "CZE"]

1. e4 e5 2. Nf3 Nc6 3. Bb5 a6 4. Ba4 Nf6 5. 0-0 Be7 6. Bxc6 dxc6 7. Qe1 c5 8. d3 Bd6 9. Nbd2 b5 10. a4 Bd7 11. b3 0-0 12. Bb2 Qe7 13. Qe3 Rfb8 14. axb5 axb5 15. Rfb1 Nh5 16. Qe1 f6 17. g3 g6 18. Nh4 Ng7 19. Ng2 Ne6 20. Ne3 c6 21. h4 Nd4 22. c3 Ne6 23. Kg2 Qd8 24. h5 Qe7 25. Qh1 Ng5 26. Qh4 Nh3 27. hxg6 hxg6 28. Ng4 Ng5 29. Rh1 Kg7 30. Rxa8 Rxa8 31. f4 Bxg4 32. Qh6+ Kf7 33. fxg5 Qf8 34. Qh4 f5 35. exf5 Bxf5 36. Ne4 Ke6 37. Re1 Ra2 38. Re2 Kd7 39. c4 Qe7 40. Nf2 Kc7 41. g4 Bd7 42. Ne4 b4 43. Qg3 Kb6 44. Qf3 Bb8 45. Kg3 Qe6 46. Kh3 Qe7 47. Rh2 Bc7 48. Qf6 Qe6 49. Rg2 Qe8 50. Bd4 Ra5 51. Be3 Qe6 52. Qxe6 Bxe6 53. Rf2 Ra1 54. Bxc5+ Ka5 55. Rf6 1-0

[Event "CZE-chT1E 2122"]
[Site "Czech Republic"]
[Date "2022.01.23"]
[Round "7.5"]
[White "Kulovana, Eva"]
[Black "Novak, Jiri"]
[Result "1-0"]
[WhiteElo "2148"]
[BlackElo "1837"]
[PlyCount "73"]
[EventDate "2021.10.09"]
[EventType "team-tourn"]
[EventRounds "11"]
[EventCountry "CZE"]
[SourceTitle "EXT 2023"]
[Source "ChessBase"]
[SourceDate "2022.10.05"]
[SourceVersion "1"]
[SourceVersionDate "2022.10.05"]
[SourceQuality "1"]
[WhiteTeam "Gordic"]
[BlackTeam "Orlova Slavia"]
[WhiteTeamCountry "CZE"]
[BlackTeamCountry "CZE"]

1. e4 e5 2. Nf3 Nc6 3. Bb5 a6 4. Ba4 Nf6 5. 0-0 Be7 6. Bxc6 bxc6 7. Nxe5 Nxe4 8. Qe2 Nc5 9. d4 Ne6 10. c3 0-0 11. f4 f6 12. Nd3 Re8 13. f5 Ng5 14. Bxg5 fxg5 15. Ne5 Bb7 16. Qc2 d5 17. Nd2 Bf6 18. Ndf3 Qd6 19. b4 a5 20. a3 Ra6 21. Rae1 axb4 22. axb4 Rea8 23. Ng4 Ra2 24. Qc1 Ba6 25. Rf2 Rxf2 26. Kxf2 Bd3 27. Re6 Ra2+ 28. Kg1 Qd8 29. Qe3 Be4 30. Nd2 Rxd2 31. Qxd2 Bxf5 32. Nxf6+ gxf6 33. Rxc6 Kg7 34. Qe3 Bd7 35. Rc5 Ba4 36. Qe6 c6 37. Ra5 1-0

[Event "CZE-chT2E 2122"]
[Site "Czech Republic"]
[Date "2021.12.19"]
[Round "5.1"]
[White "Kulovana, Eva"]
[Black "Majer, Jiri"]
[Result "1/2-1/2"]
[WhiteElo "2148"]
[BlackElo "2223"]
[PlyCount "21"]
[EventDate "2021.10.17"]
[EventType "team-tourn"]
[EventRounds "11"]
[EventCountry "CZE"]
[SourceTitle "EXT 2024"]
[Source "ChessBase"]
[SourceDate "2023.10.10"]
[SourceVersion "1"]
[SourceVersionDate "2023.10.10"]
[SourceQuality "1"]
[WhiteTeam "Brno Lokomotiva"]
[BlackTeam "Kurim"]
[WhiteTeamCountry "CZE"]
[BlackTeamCountry "CZE"]

1. e4 d6 2. d4 Nf6 3. Nc3 g6 4. f4 Bg7 5. Nf3 0-0 6. Be3 c6 7. Qd2 Qa5 8. e5 Ng4 9. Ne4 Qd5 10. Nc3 Qa5 11. Ne4 1/2-1/2

[Event "CZE-chT1E 2122"]
[Site "Czech Republic"]
[Date "2021.12.12"]
[Round "5.4"]
[White "Kulovana, Eva"]
[Black "Ondracek, Ondrej"]
[Result "1-0"]
[WhiteElo "2148"]
[BlackElo "2128"]
[PlyCount "79"]
[EventDate "2021.10.09"]
[EventType "team-tourn"]
[EventRounds "11"]
[EventCountry "CZE"]
[SourceTitle "EXT 2023"]
[Source "ChessBase"]
[SourceDate "2022.10.05"]
[SourceVersion "1"]
[SourceVersionDate "2022.10.05"]
[SourceQuality "1"]
[WhiteTeam "Gordic"]
[BlackTeam "Chotebor"]
[WhiteTeamCountry "CZE"]
[BlackTeamCountry "CZE"]

1. e4 e5 2. Nf3 Nc6 3. Bb5 a6 4. Ba4 Nf6 5. 0-0 b5 6. Bb3 Be7 7. d4 d6 8. c3 0-0 9. h3 h6 10. Nbd2 Re8 11. a4 Bd7 12. d5 Na5 13. Bc2 c5 14. b3 Qc7 15. Nh2 Nh7 16. Ng4 bxa4 17. bxa4 Bg5 18. Qe2 Nf8 19. Ne3 Ng6 20. Ndc4 Nf4 21. Qf3 Rab8 22. Nxa5 Qxa5 23. Nc4 Qc7 24. h4 Bf6 25. g3 Nh3+ 26. Kg2 Be7 27. Ne3 Qc8 28. Nf5 Bf8 29. Kxh3 g6 30. g4 gxf5 31. gxf5 Kh7 32. Qh5 Bg7 33. Qxf7 Rg8 34. Qg6+ Kh8 35. Bxh6 Be8 36. Bxg7+ Rxg7 37. Qh6+ Kg8 38. Rg1 Rbb7 39. Kh2 Qb8 40. f6 1-0

[Event "CZE-chT2E 2122"]
[Site "Czech Republic"]
[Date "2021.10.17"]
[Round "1.1"]
[White "Gabriel, Adam"]
[Black "Kulovana, Eva"]
[Result "1-0"]
[WhiteElo "2074"]
[BlackElo "2148"]
[PlyCount "119"]
[EventDate "2021.10.17"]
[EventType "team-tourn"]
[EventRounds "11"]
[EventCountry "CZE"]
[SourceTitle "EXT 2024"]
[Source "ChessBase"]
[SourceDate "2023.10.10"]
[SourceVersion "1"]
[SourceVersionDate "2023.10.10"]
[SourceQuality "1"]
[WhiteTeam "Borsice"]
[BlackTeam "Brno Lokomotiva"]
[WhiteTeamCountry "CZE"]
[BlackTeamCountry "CZE"]

1. d4 d5 2. c4 c6 3. Nf3 Nf6 4. Nc3 a6 5. cxd5 cxd5 6. Bf4 Nc6 7. e3 Bg4 8. h3 Bxf3 9. Qxf3 e6 10. Bd3 Bd6 11. 0-0 Bxf4 12. Qxf4 0-0 13. Rac1 b5 14. Rfd1 Rc8 15. g4 Ne7 16. Rc2 Ng6 17. Qg3 Ne8 18. Rdc1 Nd6 19. b3 f5 20. Ne2 Rxc2 21. Rxc2 Ne4 22. Bxe4 fxe4 23. g5 Rf5 24. h4 Nxh4 25. Qxh4 Rxg5+ 26. Ng3 h6 27. Qf4 Rg6 28. Qc7 Qh4 29. Qb8+ Kh7 30. Rc8 Rf6 31. Rh8+ Kg6 32. Rf8 Rxf8 33. Qxf8 Qg4 34. Kg2 h5 35. f3 exf3+ 36. Qxf3 Qg5 37. Kh3 a5 38. a4 b4 39. Ne2 Qf5+ 40. Qxf5+ Kxf5 41. Ng3+ Kg5 42. Nh1 Kf5 43. Nf2 e5 44. Kg2 e4 45. Kh3 g5 46. Nh1 Kf6 47. Ng3 Kg6 48. Ne2 Kf5 49. Nc1 Kf6 50. Na2 Ke6 51. Nc1 Kf6 52. Ne2 Kf5 53. Ng3+ Kg6 54. Kg2 h4 55. Ne2 Kh6 56. Nc1 Kh5 57. Kh3 g4+ 58. Kg2 g3 59. Ne2 Kg5 60. Kh3 1-0

[Event "CZE-ch (Women)"]
[Site "Frydek Mistek"]
[Date "2021.09.17"]
[Round "7"]
[White "Kulovana, Eva"]
[Black "Miturova, Magdalena"]
[Result "1/2-1/2"]
[WhiteElo "2164"]
[BlackElo "2219"]
[PlyCount "133"]
[EventDate "2021.09.11"]
[EventType "tourn"]
[EventRounds "9"]
[EventCountry "CZE"]
[SourceTitle "CBM 204 Extra"]
[Source "ChessBase"]
[SourceDate "2021.11.30"]
[SourceVersion "1"]
[SourceVersionDate "2021.11.30"]
[SourceQuality "1"]

1. e4 e5 2. Nf3 Nc6 3. Bb5 a6 4. Ba4 Nf6 5. 0-0 Be7 6. Bxc6 dxc6 7. Qe1 Nd7 8. b3 c5 9. Bb2 f6 10. Nc3 Nb8 11. Nd5 Nc6 12. h3 Be6 13. Nxe7 Qxe7 14. d3 g5 15. Nd2 Rg8 16. f3 h5 17. Nc4 g4 18. fxg4 hxg4 19. hxg4 Rxg4 20. Ne3 Rg6 21. Rf3 0-0-0 22. Rg3 Rdg8 23. Rxg6 Rxg6 24. Qf2 Qg7 25. a3 Kb8 26. Bc3 Bh3 27. Kf1 Bc8 28. b4 Rh6 29. Ke2 Nd4+ 30. Kd2 cxb4 31. axb4 Rh2 32. Rg1 Nb5 33. Bb2 Qg5 34. Kc1 Rh5 35. Kb1 Nd6 36. Nd5 Ne8 37. Qc5 Qg7 38. Bc1 b6 39. Qc3 Bb7 40. g4 Rh2 41. Ne3 Nd6 42. g5 Rh5 43. Ng4 fxg5 44. Qxe5 Rh7 45. Qxg7 Rxg7 46. Ne5 g4 47. Rxg4 Rxg4 48. Nxg4 Bc8 49. Nf6 Be6 50. Bf4 Kb7 51. Bxd6 cxd6 52. Kb2 b5 53. Kc3 Kb6 54. d4 Bc4 55. e5 Kc6 56. Kd2 dxe5 57. dxe5 a5 58. bxa5 b4 59. Ke3 Kb5 60. Ne4 Kxa5 61. Nd2 Be6 62. Kf4 Ka4 63. Ne4 Ka3 64. Nc5 Bd5 65. e6 Bxe6 66. Nxe6 b3 67. cxb3 1/2-1/2

[Event "CZE-ch (Women)"]
[Site "Frydek Mistek"]
[Date "2021.09.15"]
[Round "5"]
[White "Nemcova, Karin"]
[Black "Kulovana, Eva"]
[Result "1-0"]
[WhiteElo "2137"]
[BlackElo "2164"]
[PlyCount "105"]
[EventDate "2021.09.11"]
[EventType "tourn"]
[EventRounds "9"]
[EventCountry "CZE"]
[SourceTitle "CBM 204 Extra"]
[Source "ChessBase"]
[SourceDate "2021.11.30"]
[SourceVersion "1"]
[SourceVersionDate "2021.11.30"]
[SourceQuality "1"]

1. e4 d6 2. d4 Nf6 3. Bd3 e5 4. c3 Nbd7 5. Nf3 Be7 6. 0-0 0-0 7. Na3 Re8 8. Re1 h6 9. Nc4 Bf8 10. Qc2 c6 11. a4 Qc7 12. Bd2 b6 13. b4 Bb7 14. a5 d5 15. a6 Bc8 16. Ncxe5 Nxe5 17. Nxe5 dxe4 18. Bxe4 Nxe4 19. Qxe4 Re6 20. d5 cxd5 21. Qxd5 Rb8 22. Bf4 Bd6 23. b5 Rf6 24. Bg3 Be6 25. Qd4 Rc8 26. Rad1 Bb3 27. Ng4 Rg6 28. Bxd6 Qxc3 29. Qxc3 Rxc3 30. Rd4 Rc4 31. Rxc4 Bxc4 32. Ne5 Re6 33. Rb1 Ba2 34. Rd1 Bb3 35. Rd3 Bc4 36. Rd1 Bxb5 37. f4 Bxa6 38. f5 Re8 39. Ra1 Bc8 40. Rxa7 Bxf5 41. Rxf7 Be4 42. Rf4 Bd5 43. Rd4 Bb7 44. Rb4 Ra8 45. Nf3 Ra2 46. Rxb6 Be4 47. Rb4 Bc6 48. Be5 g5 49. Rb6 Rc2 50. Rb2 Rc5 51. Bd4 Rc4 52. Rb8+ Kh7 53. Rh8+ 1-0

[Event "CZE-ch (Women)"]
[Site "Frydek Mistek"]
[Date "2021.09.13"]
[Round "3"]
[White "Sikorova, Olga"]
[Black "Kulovana, Eva"]
[Result "0-1"]
[WhiteElo "2205"]
[BlackElo "2164"]
[PlyCount "82"]
[EventDate "2021.09.11"]
[EventType "tourn"]
[EventRounds "9"]
[EventCountry "CZE"]
[SourceTitle "CBM 204 Extra"]
[Source "ChessBase"]
[SourceDate "2021.11.30"]
[SourceVersion "1"]
[SourceVersionDate "2021.11.30"]
[SourceQuality "1"]

1. Nf3 Nf6 2. g3 d5 3. c4 e6 4. b3 Be7 5. Bg2 0-0 6. Bb2 c5 7. cxd5 Nxd5 8. 0-0 Nc6 9. Nc3 Bf6 10. Qc2 b6 11. Nxd5 exd5 12. d4 Nxd4 13. Nxd4 cxd4 14. Rfd1 Bg4 15. Bxd4 Re8 16. f3 Be6 17. Qb2 Bxd4+ 18. Qxd4 Qe7 19. Rd2 Rac8 20. Rad1 Rc5 21. Kf2 g6 22. Qf4 a5 23. h4 h5 24. e3 Rec8 25. Bf1 Rc2 26. Ba6 R8c7 27. Bd3 R2c3 28. Qd4 Qc5 29. Be2 Qxd4 30. Rxd4 Rc2 31. R1d2 Rxd2 32. Rxd2 Rc1 33. Bd1 Kf8 34. Ke2 Ke7 35. Rc2 Ra1 36. a4 Kd6 37. Kd2 d4 38. Rb2 dxe3+ 39. Ke2 Ke5 40. Bc2 Kd4 41. Bd1 Bf5 0-1

[Event "CZE-ch Betsys Online Blitz"]
[Site "Chess.com INT"]
[Date "2021.04.17"]
[Round "9"]
[White "Dubansky, Bohuslav"]
[Black "Kulovana, Eva"]
[Result "1-0"]
[WhiteElo "2223"]
[BlackElo "2141"]
[PlyCount "155"]
[EventDate "2021.04.17"]
[EventType "swiss (blitz)"]
[EventRounds "13"]
[EventCountry "CZE"]
[SourceTitle "CBM 201 Extra"]
[Source "ChessBase"]
[SourceDate "2021.05.31"]
[SourceVersion "1"]
[SourceVersionDate "2021.05.31"]
[SourceQuality "1"]

1. e4 c6 2. d4 d5 3. exd5 cxd5 4. Bd3 Nc6 5. Nf3 Qc7 6. c3 Bg4 7. 0-0 e6 8. Nbd2 Bd6 9. h3 Bh5 10. Re1 Nf6 11. Nf1 Bg6 12. Bg5 Ne4 13. Be3 0-0 14. Nh4 Nf6 15. Nxg6 hxg6 16. Nd2 Rab8 17. Bg5 b5 18. b4 Ne7 19. Bxf6 gxf6 20. Rc1 f5 21. Nb3 Kg7 22. Qf3 Ng8 23. Nc5 Bxc5 24. bxc5 Nf6 25. Qe3 Ne4 26. Bxe4 fxe4 27. Rb1 a6 28. Rb3 f5 29. f4 Kf6 30. Qg3 Rh8 31. Reb1 Kf7 32. Qg5 Rh5 33. Qg3 g5 34. Rf1 Rg8 35. a4 bxa4 36. Rb6 gxf4 37. Qxf4 Qxf4 38. Rxf4 Rhg5 39. Rf2 Rg3 40. Rc2 Ra8 41. Kf2 Rd3 42. Rb7+ Kf6 43. c6 Rc8 44. c7 f4 45. Ra7 Kf5 46. h4 f3 47. gxf3 Rxf3+ 48. Kg2 Rd3 49. h5 e3 50. Kf3 Rd2 51. Rxd2 exd2 52. Ke2 Kg5 53. Kxd2 Kxh5 54. Rxa6 Rxc7 55. Rxe6 Ra7 56. Re5+ Kg4 57. Kc2 Ra5 58. Kb2 Kf4 59. Ka3 Ra8 60. Rxd5 Ke4 61. Rc5 Kd3 62. Rc7 Ra6 63. d5 Ke4 64. c4 Kd4 65. Rc6 Ra8 66. d6 Ke5 67. c5 Ke6 68. Rc7 Ra6 69. Rc8 Ra7 70. Re8+ Kd5 71. Rc8 Ke6 72. Rc6 Kd5 73. Rc7 Ra8 74. d7 Rd8 75. c6 Kd6 76. Rc8 Ke7 77. Rxd8 Kxd8 78. Kxa4 1-0

[Event "CZE-ch Betsys Online Blitz"]
[Site "Chess.com INT"]
[Date "2021.04.17"]
[Round "6"]
[White "Kulovana, Eva"]
[Black "Bezdek, Tomas"]
[Result "1-0"]
[WhiteElo "2141"]
[BlackElo "1601"]
[PlyCount "87"]
[EventDate "2021.04.17"]
[EventType "swiss (blitz)"]
[EventRounds "13"]
[EventCountry "CZE"]
[SourceTitle "CBM 201 Extra"]
[Source "ChessBase"]
[SourceDate "2021.05.31"]
[SourceVersion "1"]
[SourceVersionDate "2021.05.31"]
[SourceQuality "1"]

1. e4 d6 2. d4 Nf6 3. Nc3 Nbd7 4. f4 e5 5. Nf3 exd4 6. Nxd4 Nc5 7. Bd3 Bg4 8. Nde2 Be7 9. 0-0 0-0 10. h3 Bxe2 11. Qxe2 c6 12. Be3 Nxd3 13. Qxd3 d5 14. exd5 Nxd5 15. Nxd5 Qxd5 16. Qxd5 cxd5 17. c3 Rfe8 18. Bd4 Bh4 19. Bf2 Bxf2+ 20. Rxf2 Re4 21. Rd1 Rd8 22. g3 d4 23. Rfd2 Rde8 24. Rxd4 Re3 25. R4d3 Re2 26. R1d2 Re1+ 27. Kf2 h6 28. Rd7 R1e7 29. Rxe7 Rxe7 30. Rd8+ Kh7 31. Rb8 Kg6 32. Kf3 Kf5 33. g4+ Kf6 34. c4 g5 35. b4 Rd7 36. fxg5+ hxg5 37. c5 Rd3+ 38. Ke4 Rxh3 39. Rxb7 Rg3 40. c6 Rxg4+ 41. Kd5 Rg1 42. Rb5 g4 43. c7 Rd1+ 44. Ke4 1-0

[Event "CZE-ch Betsys Online Blitz"]
[Site "Chess.com INT"]
[Date "2021.04.17"]
[Round "10"]
[White "Kulovana, Eva"]
[Black "Mrazek, Roman1111"]
[Result "1-0"]
[WhiteElo "2141"]
[BlackElo "1563"]
[PlyCount "73"]
[EventDate "2021.04.17"]
[EventType "swiss (blitz)"]
[EventRounds "13"]
[EventCountry "CZE"]
[SourceTitle "CBM 201 Extra"]
[Source "ChessBase"]
[SourceDate "2021.05.31"]
[SourceVersion "1"]
[SourceVersionDate "2021.05.31"]
[SourceQuality "1"]

1. e4 c5 2. Nf3 d6 3. Bb5+ Bd7 4. Bxd7+ Nxd7 5. 0-0 Ngf6 6. d3 e6 7. Ng5 h6 8. Nh3 Be7 9. f4 0-0 10. f5 exf5 11. Rxf5 Ne5 12. Nc3 Ng6 13. Rf1 a6 14. Nf4 Nxf4 15. Bxf4 b5 16. Kh1 b4 17. Ne2 d5 18. e5 Nd7 19. d4 c4 20. Ng3 Bg5 21. Qg4 Bxf4 22. Qxf4 Qe7 23. Rae1 Qg5 24. Qf3 Rae8 25. Qxd5 Nb6 26. Qc5 Rb8 27. d5 Rfc8 28. Qd4 Rd8 29. d6 c3 30. bxc3 bxc3 31. Qxc3 Nd5 32. Qc4 Rb5 33. a4 Ra5 34. Ne4 Qg6 35. Nc5 Rc8 36. d7 Rd8 37. Qxd5 1-0

[Event "CZE-ch Betsys Online Blitz"]
[Site "Chess.com INT"]
[Date "2021.04.17"]
[Round "2"]
[White "Rubes, Jan"]
[Black "Kulovana, Eva"]
[Result "1-0"]
[WhiteElo "2400"]
[BlackElo "2141"]
[PlyCount "89"]
[EventDate "2021.04.17"]
[EventType "swiss (blitz)"]
[EventRounds "13"]
[EventCountry "CZE"]
[SourceTitle "CBM 201 Extra"]
[Source "ChessBase"]
[SourceDate "2021.05.31"]
[SourceVersion "1"]
[SourceVersionDate "2021.05.31"]
[SourceQuality "1"]

1. Nf3 d5 2. c4 c6 3. e3 Nf6 4. Nc3 g6 5. Be2 Bg7 6. 0-0 0-0 7. d4 Nbd7 8. cxd5 cxd5 9. Bd2 Nb6 10. Qb3 Bg4 11. Rfc1 Rc8 12. h3 Bxf3 13. Bxf3 e6 14. Nb5 Rxc1+ 15. Rxc1 Nc4 16. Bb4 Re8 17. Na3 Nxa3 18. Qxa3 a6 19. Ba5 b6 20. Bd2 a5 21. Qb3 Bf8 22. Rc6 Ne4 23. Bxe4 dxe4 24. Qxb6 Qd5 25. b3 Ra8 26. Qb7 Rb8 27. Qxb8 Qxc6 28. Bxa5 Kg7 29. Qe5+ f6 30. Qc7+ Qxc7 31. Bxc7 Kf7 32. Ba5 Ke8 33. a4 Kd7 34. Kf1 Kc6 35. Ke2 Bd6 36. b4 Kd5 37. b5 Kc4 38. b6 Bb8 39. b7 Kb3 40. Bd8 Kxa4 41. Bxf6 Kb5 42. Be5 Kc6 43. Bxb8 Kxb7 44. Be5 Kc6 45. f3 1-0